000 00203 a2200097 4500
001 47272
100 _aCoburn
245 _aThe Art of Survival
260 _aLondon
_bW H Allen
_c
090 _c30314
_d30314
942 _aNUST-CAE
_cM
_c22575
999 _c282345
_d282345